Jornades sobre habitatges amb serveis per a persones grans : 19 i 20 de juny de 1997 19 i 20 de juny de 1997
Publicado:
Barcelona :
Diputació de Barcelona. Area de Promoció Econòmica i Habitatge. Servei de Promoció Econòmica Local ,
1997
Descripción Física:
232 p. : gràf. ; 30 cm
Materias:
Persones grans -- Habitatges
MARC
| LEADER | 00000nam a2200000Ia 4500 | ||
|---|---|---|---|
| 001 | 24349 | ||
| 003 | BGR | ||
| 005 | 20260324180615.0 | ||
| 008 | 160829s1997 xx 000 0 cat d | ||
| 080 | |a Bib-232 | ||
| 111 | |a Jornades sobre habitatges amb serveis per a persones grans |9 71304 |c (Barcelona : |d 1997) | ||
| 245 | |a Jornades sobre habitatges amb serveis per a persones grans : |b 19 i 20 de juny de 1997 | ||
| 260 | |a Barcelona : |b Diputació de Barcelona. Area de Promoció Econòmica i Habitatge. Servei de Promoció Econòmica Local, |c 1997 | ||
| 300 | |a 232 p. : |b gràf. ; |c 30 cm | ||
| 590 | |a Text en català, algunes ponències en castellà | ||
| 650 | |a Persones grans -- Habitatges |9 49967 | ||
| 710 | 1 | |a Barcelona (Catalunya : Província). |b Diputació |b Servei de Promoció Econòmica Local |9 52408 | |
| 901 | |a Arxiu | ||
| 942 | |n 1 |2 udc |c MON | ||
| 952 | |0 0 |1 0 |4 0 |6 BIB232 |7 1 |9 55708 |a Arxiu |b Arxiu |d 2016-12-01 |l 0 |o Bib-232 |p 24349 |r 2016-12-01 00:00:00 |w 2016-12-01 |y ARXIU | ||
| 999 | |c 59581 |d 59581 | ||